<?xml version="1.0" encoding="UTF-8"?>
<collection xmlns="http://www.loc.gov/MARC21/slim">
 <record>
  <leader>     na                 </leader>
  <controlfield tag="001">INLIS000000000002998</controlfield>
  <controlfield tag="005">20260406065451</controlfield>
  <datafield tag="035" ind1=" " ind2=" ">
   <subfield code="a">0010-0426000012</subfield>
  </datafield>
  <controlfield tag="007">ta</controlfield>
  <controlfield tag="008">260406                g          0 ind  </controlfield>
  <datafield tag="020" ind1=" " ind2=" ">
   <subfield code="a">978-979-3535-26-5</subfield>
  </datafield>
  <datafield tag="082" ind1=" " ind2=" ">
   <subfield code="a">030</subfield>
  </datafield>
  <datafield tag="084" ind1=" " ind2=" ">
   <subfield code="a">030 HEN e</subfield>
  </datafield>
  <datafield tag="100" ind1="0" ind2=" ">
   <subfield code="a">Henry P</subfield>
   <subfield code="e">Pengarang</subfield>
  </datafield>
  <datafield tag="245" ind1="1" ind2=" ">
   <subfield code="a">ENSIKLOPEDIA PENGETAHUAN POPULER :</subfield>
   <subfield code="b">Ensiklopedia IPA dan IPS untuk Pelajar Unggulan Jilid 1: Abad-Burung /</subfield>
   <subfield code="c">Henry P., Sisilia Rini, Bayu Nugroho ; penyunting, Johan Aguston, Rizky R., Rahmat Salim, M. Surianto</subfield>
  </datafield>
  <datafield tag="250" ind1=" " ind2=" ">
   <subfield code="a">Cetakan 2017</subfield>
  </datafield>
  <datafield tag="300" ind1=" " ind2=" ">
   <subfield code="a">96 halaman :</subfield>
   <subfield code="b">ilustrasi ;</subfield>
   <subfield code="c">30 cm</subfield>
  </datafield>
  <datafield tag="650" ind1=" " ind2="4">
   <subfield code="a">IPA</subfield>
  </datafield>
  <datafield tag="650" ind1=" " ind2="4">
   <subfield code="a">IPS</subfield>
  </datafield>
  <datafield tag="650" ind1=" " ind2="4">
   <subfield code="a">Ensiklopedia pendidikan untuk pelajar</subfield>
  </datafield>
  <datafield tag="650" ind1=" " ind2="4">
   <subfield code="a">Referensi belajar IPA dan IPS</subfield>
  </datafield>
  <datafield tag="700" ind1="0" ind2=" ">
   <subfield code="a">Sisilia Rini</subfield>
   <subfield code="e">Penerjemah</subfield>
  </datafield>
  <datafield tag="700" ind1="0" ind2=" ">
   <subfield code="a">Bayu Nugroho</subfield>
   <subfield code="e">Penerjemah</subfield>
  </datafield>
  <datafield tag="700" ind1="0" ind2=" ">
   <subfield code="a">Johan Aguston</subfield>
   <subfield code="e">Penyunting</subfield>
  </datafield>
  <datafield tag="700" ind1="0" ind2=" ">
   <subfield code="a">Rizky R.</subfield>
   <subfield code="e">Penyunting</subfield>
  </datafield>
  <datafield tag="700" ind1="0" ind2=" ">
   <subfield code="a">Rahmat Salim</subfield>
   <subfield code="e">Penyunting</subfield>
  </datafield>
  <datafield tag="700" ind1="0" ind2=" ">
   <subfield code="a">M. Surianto</subfield>
   <subfield code="e">Penyunting</subfield>
  </datafield>
  <datafield tag="520" ind1=" " ind2=" ">
   <subfield code="a">Ensiklopedia Pengetahuan Populer (EPP) Jilid 1: Abad-Burung merupakan referensi komprehensif yang menyajikan sari ilmu pengetahuan alam (IPA) dan ilmu pengetahuan sosial (IPS). Disusun secara alfabetis (A-Z), buku ini dirancang khusus untuk memenuhi kebutuhan literasi anak-anak dan pelajar. Materi yang dibahas mencakup berbagai disiplin ilmu, mulai dari geografi, astronomi, sejarah, seni, hingga teknologi dan lingkungan. Dengan gaya bahasa yang sederhana serta dukungan ilustrasi visual yang menarik, buku ini telah memenuhi standar kelayakan Pusat Perbukuan Kementerian Pendidikan Nasional sebagai sumber belajar penunjang pendidikan dasar dan menengah.</subfield>
  </datafield>
  <datafield tag="264" ind1=" " ind2=" ">
   <subfield code="a">Jakarta :</subfield>
   <subfield code="b">PT LENTERA ABADI,</subfield>
   <subfield code="c">2017</subfield>
  </datafield>
  <datafield tag="336" ind1=" " ind2=" ">
   <subfield code="2">rdacontent</subfield>
   <subfield code="a">teks</subfield>
  </datafield>
  <datafield tag="337" ind1=" " ind2=" ">
   <subfield code="2">rdamedia</subfield>
   <subfield code="a">tanpa perantara</subfield>
  </datafield>
  <datafield tag="338" ind1=" " ind2=" ">
   <subfield code="2">rdacarrier</subfield>
   <subfield code="a">volume</subfield>
  </datafield>
  <datafield tag="740" ind1=" " ind2=" ">
   <subfield code="a">The Kingfisher Children's Encyclopedia</subfield>
  </datafield>
  <datafield tag="990" ind1=" " ind2=" ">
   <subfield code="a">7581</subfield>
  </datafield>
 </record>
</collection>
